Giorgia & Giorgio : W i nonni! /

Guardat en:
Dades bibliogràfiques
Autor principal: Obber, Cristina
Altres autors: Vinciguerra, Silvia, (1991 -) (Illustrador)
Format: Llibre
Idioma:italià
Publicat: Cagli : Settenove, 2017
Etiquetes: Afegir etiqueta
Sense etiquetes, Sigues el primer a etiquetar aquest registre!

MARC

LEADER 00000nam a22000007i 4500
001 IT\ICCU\LO1\1689531
003 ItRI
005 20260115232207.0
008 171023s2017 it |||||| ||||| |||||c
020 |a 9788898947270 
040 |b ita  |c importazione bologna sebina 
041 7 |a ita  |2 ISO-639-2 
082 |a 853.92  |9 Narrativa italiana. 2000-  |2 22 
100 1 |a Obber, Cristina  |0 IT\ICCU\VIAV\120796 
240 1 0 |a Giorgia & Giorgio : W i nonni!  |3 IT\ICCU\RAV\2093344  |9 Obber, Cristina 
245 1 0 |a Giorgia & Giorgio :  |b W i nonni! /  |c [testi di] Cristina Obber e [illustrazioni di] Silvia Vinciguerra. 
260 |a Cagli :  |b Settenove,  |c 2017 
300 |a 1 volume (senza paginazione) :  |b interamente ill. ;  |c 19x19 cm. 
700 1 |a Vinciguerra, Silvia,  |d  (1991 -)  |0 IT\ICCU\VIAV\147553  |4 ill 
942 |2 ddc  |c BK  |n 0 
952 |0 0  |1 0  |4 0  |6 R_853_920000000000000_OBB  |7 0  |9 21730  |a BO  |b BO  |d 2026-01-15  |i 18732  |l 0  |o R 853.92 OBB  |p BO18732  |r 2026-01-15 23:22:07  |w 2026-01-15  |x [Sebina 5] [1 v.]  |y BK  |z 1 v. 
999 |c 18564  |d 18564